000 00302nam a22001337a 4500
008 170418b xxu||||| |||| 00| 0 eng d
020 _a9780073256528
041 _aeng
080 _26TH
_a612.39
100 _a10
101 _aSHM
245 _aCONTEMPORARY NUTRITION
_cWARDLAW, G.M
942 _2udc
_cBK
999 _c10900
_d10900